Bytový dom

Salvato in:
Dettagli Bibliografici
Autore principale: Kortišová, Viktória (Autore)
Altri autori: Ingeli, Rastislav (Relatore della tesi)
Natura: Manoscritto Libro
Lingua:slovacco
Pubblicazione: 2025
Soggetti:
Accesso online:http://is.stuba.sk/zp/portal_zp.pl?podrobnosti=167579
CRZP
Tags: Aggiungi Tag
Nessun Tag, puoi essere il primo ad aggiungerne!!

MARC

LEADER 00000ntm a22000003a 4500
001 stuzp105290
003 SK-STU
005 20250725111850.5
007 ta
008 150427s2015----xo-----f-mn---000-0-slo-d
040 |a STU  |b slo 
041 0 |a slo 
100 1 |a Kortišová, Viktória  |u 010180  |4 aut  |U SvF Stavebná fakulta  |T SvF Katedra konštrukcií pozemných stavieb  |X 114961  |U V180  |Y 18  |7 114961 
242 0 1 |a Residential building  |y eng 
245 1 0 |a Bytový dom 
260 |c 2025 
650 4 |a Bytový dom  |2 slo 
650 4 |a novostavba  |2 slo 
650 4 |a projekt na realizáciu stavby  |2 slo 
650 4 |a konštrukčné riešenie  |2 slo 
650 4 |a Residential building  |2 eng 
650 4 |a new construction  |2 eng 
650 4 |a execution project  |2 eng 
650 4 |a structural design  |2 eng 
700 1 |a Ingeli, Rastislav  |u 010180  |k Z1  |4 ths  |U SvF Stavebná fakulta  |T SvF Katedra konštrukcií pozemných stavieb  |X 23863  |U V180  |Y 18  |7 A000023863 
856 4 |u http://is.stuba.sk/zp/portal_zp.pl?podrobnosti=167579 
856 4 |u https://opac.crzp.sk/?fn=detailBiblioForm&sid=C9A1C75A261DD259FA80451E26A3  |z CRZP